Normal view
MARC view
Entry Personal Name
001 - CONTROL NUMBER
- control field: 74979
003 - CONTROL NUMBER IDENTIFIER
- control field: dpl
005 - DATE AND TIME OF LATEST TRANSACTION
- control field: 20241211143729.0
008 - FIXED-LENGTH DATA ELEMENTS
- fixed length control field: 241211|| aca||aabn | a|a d
040 ## - CATALOGING SOURCE
- Original cataloging agency: dpl
- Transcribing agency: dpl
100 ## - HEADING--PERSONAL NAME
- Personal name: Muley, Bhushan
670 ## - SOURCE DATA FOUND
- Source citation: Work cat.: (dpl)207582: Khanna, M.L 74978, OBJECTIVE MATHEMATICS Volume 1,2 For All Engineering Entrance Exams, 2024
